Engineering economy (Record no. 4832)

000 -LEADER
fixed length control field 00667nam a2200241 i 4500
001 - CONTROL NUMBER
control field 4832
003 - CONTROL NUMBER IDENTIFIER
control field BD-DhUET
008 - FIXED-LENGTH DATA ELEMENTS--GENERAL INFORMATION
fixed length control field 760725s1977 njua b 001 0 eng
020 ## - INTERNATIONAL STANDARD BOOK NUMBER
International Standard Book Number 0132774917
040 ## - CATALOGING SOURCE
Original cataloging agency DLC
Transcribing agency DLC
Modifying agency BD-DhUET
082 00 - DEWEY DECIMAL CLASSIFICATION NUMBER
Classification number 620.02
Item number THU/1977
100 1# - MAIN ENTRY--PERSONAL NAME
Personal name Thuesen, H. G.
245 10 - TITLE STATEMENT
Title Engineering economy
250 ## - EDITION STATEMENT
Edition statement 5th ed.
260 ## - PUBLICATION, DISTRIBUTION, ETC. (IMPRINT)
Place of publication, distribution, etc. New Jersey
Name of publisher, distributor, etc. Prentice-Hall
Date of publication, distribution, etc. 1977
300 ## - PHYSICAL DESCRIPTION
Extent xiv,589p.
Other physical details ill.
Dimensions 24 cm.
490 0# - SERIES STATEMENT
Series statement Prentice-Hall international series in industrial and systems engineering
504 ## - BIBLIOGRAPHY, ETC. NOTE
Bibliography, etc Includes bibliographies
650 #0 - SUBJECT ADDED ENTRY--TOPICAL TERM
Topical term or geographic name as entry element Engineering economy
700 1# - ADDED ENTRY--PERSONAL NAME
Personal name Fabrycky, W. J.
700 ## - ADDED ENTRY--PERSONAL NAME
Personal name Thuesen, G. J.
942 ## - ADDED ENTRY ELEMENTS (KOHA)
Koha item type General Book
Holdings
Price effective from Source of classification or shelving scheme Damaged status Koha issues (times borrowed) Shelving location Withdrawn status Koha full call number Koha item type Location (home branch) Date acquired Not for loan Sublocation or collection (holding branch) Koha date last seen Koha date last borrowed Copy number Lost status Piece designation (barcode) Koha normalized classification for sorting
2014-11-20  1Circulation section 620.02/THU/1956General BookCentral Library, BUET2014-11-20 Central Library, BUET2019-04-172019-03-031 84912620_000000000000000_02THU1956
2015-02-04   Circulation section 620.02/THU/1977General BookCentral Library, BUET2015-02-04 Central Library, BUET2015-02-04 2 52407620_020000000000000_THU_1977
2015-02-05   Circulation section 620.02/THU/1977General BookCentral Library, BUET2015-02-05 Central Library, BUET2015-02-05 3 61197620_020000000000000_THU_1977